| 000 | 01755cam a2200505 4500 | ||
|---|---|---|---|
| 999 |
_c23386 _d23386 |
||
| 001 | vtls011999800 | ||
| 005 | 20221006120814.0 | ||
| 008 | 201026s2020 xo gr 010 f slo | ||
| 020 |
_a9788055642932 _q(viazané) |
||
| 040 |
_aTVZK _bslo _cTVZK _dSNK _erda |
||
| 041 | 1 |
_aslo _heng |
|
| 044 |
_axo _cSK |
||
| 072 | 7 |
_a821.111-3 _xAnglická próza, anglicky písaná _2konspekt |
|
| 080 |
_a(410.1) _22011 |
||
| 080 |
_a(410.5) _22011 |
||
| 080 |
_a(44) _22011 |
||
| 080 |
_a821.111-3 _22011 |
||
| 080 |
_a(0:82-311.6) _22011 |
||
| 100 | 1 |
_aGregory, Philippa, _d1954- _4aut _93578 |
|
| 240 | 1 | 0 |
_aThree Sisters, Three Queens _lSlovensky |
| 245 | 1 | 0 |
_aTri sestry, tri kráľovné _cPhilippa Gregory ; z angličtiny preložil Otakar Kořínek |
| 246 | 1 |
_iObálkový podnázov: _aSesterské puto je mocnejšie než kráľ |
|
| 264 | 1 |
_aBratislava _bSlovart _c2020 |
|
| 300 |
_a461 strán _c24 cm |
||
| 336 |
_atext _btxt _2rdacontent |
||
| 337 |
_abez média _bn _2rdamedia |
||
| 338 |
_azväzok _bnc _2rdacarrier |
||
| 600 | 3 | 0 |
_aTudorovci (rod) _2SNKMA _93590 |
| 600 | 1 | 7 |
_aKatarína Aragonská (anglická kráľovna *1485 - 1536) _2SNKMA _93591 |
| 648 | 7 |
_a16. storočie _2SNKPH _93592 |
|
| 648 | 7 |
_a16th century _2SNKPHeng _93588 |
|
| 651 | 7 |
_aAnglicko _2SNKPHgeo _93581 |
|
| 651 | 7 |
_aŠkótsko _2SNKPHgeo _93593 |
|
| 651 | 7 |
_aFrancúzsko _2SNKPHgeo _93594 |
|
| 651 | 7 |
_aEngland _2SNKPHeng _93582 |
|
| 651 | 7 |
_aScotland _2SNKPHeng _93595 |
|
| 651 | 7 |
_aFrance _2SNKPHeng _93596 |
|
| 655 | 7 |
_aanglické romány _2SNKPH _98 |
|
| 655 | 7 |
_ahistorické romány _2SNKPH _91688 |
|
| 655 | 7 |
_aEnglish fiction _2SNKPHeng _99 |
|
| 655 | 7 |
_aHistorical novels _2SNKPHeng _91689 |
|
| 700 | 1 |
_aKořínek, Otakar, _d1946- _4trl _93589 |
|
| 958 | _aLX | ||
| 958 | _aUP | ||